000 00387nam a2200145Ia 4500
008 210210b1965 xxu||||| |||| 00| 0 eng d
082 _a546 BART
100 _aBARNARD (A K).
245 _aTheoretical basis of inorganic chemistry.
260 _aN D
_bT M H
_c1965
300 _ax,372
650 _aInorganic Chemistry Theoretical
690 _aInorganic Chemistry
906 _aCC00192
999 _c109330
_d109330